| 000 | 00960pab a2200169 454500 | ||
|---|---|---|---|
| 008 | 180718b2000 xxu||||| |||| 00| 0 eng d | ||
| 100 | _aGodbole, Madhav | ||
| 245 | _aElectricity regulatory commissions: empowerment of consumers | ||
| 260 | _c2000 | ||
| 300 | _ap.166-68 | ||
| 362 | _a22 Jan | ||
| 520 | _aThe setting up of the electricity regulatory commissions (ERCs) represents a culture change which will call for reorientation of the working of the state governments and the state electricity boards as also consumer groups. But for this new chapter in economic management in the country to be successful, it will require, more than anything else, education and empowerment of consumers. The media will have to play a major role in this endeavour. Without such all-round effort the ERCs will be yet another empty gesture. - Reproduced | ||
| 650 | _aConsumers | ||
| 650 | _aPower industry | ||
| 773 | _aEconomic and Political Weekly | ||
| 909 | _a43751 | ||
| 999 |
_c43751 _d43751 |
||